Score 0/18 Timer 04:00
25 Plays Today
Question Answer Wrong Answers
Country
What is the largest country in the world (by area)?
Russia
89.5%
Canada
5.2%
United States
0.7%
China
4.2%
Capital
Muscat is the capital of which country?
Oman
67.2%
Yemen
12.3%
Bahrain
9.4%
Jordan
6.8%
State
Which of the following is NOT one of the 'four corners' states?
Nevada
63.6%
Arizona
7.9%
New Mexico
11.7%
Utah
14.9%
South America
The Galápagos Islands form part of which South American country?
Ecuador
62.1%
Chile
17.8%
Peru
9.2%
Brazil
3.6%
Flags
The flag of which country is the only non-rectangular national flag?
Nepal
61.4%
Switzerland
5.6%
Bhutan
16.3%
Vatican City
11.5%
City
Which city's famous nickname is the 'Pearl of the Orient'?
Hong Kong
59%
Singapore
28.8%
Taipei
5.4%
Kyoto
5.4%
United Kingdom
Which Scottish lake contains more water than all of the lakes and rivers of England and Wales combined?
Loch Ness
55.1%
Loch Lomond
27%
Loch Morar
4.2%
Loch Tay
3.6%
Continent
Which is the world's smallest continent (by area)?
Oceania
54.8%
Europe
24.6%
Antarctica
14%
South America
2%
Population
Which of the following countries does NOT have a population exceeding 200 million?
Russia
53.9%
Pakistan
13.5%
Brazil
16.3%
Indonesia
13.6%
Topography
What is the longest mountain range in the world?
Andes
53.3%
Rockies
9.3%
Himalayas
21.2%
Transantarctics
4.9%
World
To the nearest thousand miles, what is the circumference of the world at the equator?
25,000 mi
51.7%
10,000 mi
6.3%
100,000 mi
18.4%
150,000 mi
19.6%
Europe
Which of the following countries is NOT a member state of the European Union?
Norway
50.5%
Sweden
12.8%
Denmark
10%
Finland
20.9%
Oceania
Which country of Oceania is the smallest independent republic in the world (by area)?
Nauru
46.8%
Palau
16.8%
Kiribati
12.1%
Micronesia
15.6%
Africa
Which is NOT a capital of South Africa?
Johannesburg
43.8%
Pretoria
7.2%
Cape Town
13.6%
Bloemfontein
29.1%
Border
Which of these countries does NOT border Russia?
Armenia
43.5%
North Korea
21.8%
Poland
21.4%
Kazakhstan
4.2%
North America
Which island is the easternmost member of the Antilles?
Barbados
37.1%
Trinidad
15.7%
St. Vincent
20.7%
Grenada
18.2%
Canada
What percentage of Canadians are estimated to live within 100 miles of the US border?
75%
37.1%
50%
9.9%
10%
3.2%
90%
39.2%
Asia
How many islands is Japan made up of?
6,852
28.3%
3,852
25.8%
12,852
8.8%
852
30.4%
Remove Ads.
Support Sporcle.
Get the best of Sporcle when you Go Orange. This ad-free experience offers more features, more stats, and more fun while also helping to support Sporcle. Thank you for becoming a member.

You're not logged in!

Compare scores with friends on all Sporcle quizzes.
OR
Log In

Show Comments

Extras

Top Quizzes Today


Score Distribution

Your Account Isn't Verified!

In order to create a playlist on Sporcle, you need to verify the email address you used during registration. Go to your Sporcle Settings to finish the process.

Report this User

Report this user for behavior that violates our Community Guidelines.

Details: